Đang tải...

Asthiyute Pookkal Changampuzha: kaviyum kavithayum/

Chi tiết về thư mục
Tác giả chính: Guptan Nair S
Định dạng: Printed Book
Được phát hành: Kottayam: D C Books, 1998.
Những chủ đề:
LEADER 00546nam a22001577a 4500
999 |c 145378  |d 145378 
082 |a M100 7  |b GUP/A 
100 |a Guptan Nair S 
245 |a Asthiyute Pookkal Changampuzha:  |b kaviyum kavithayum/  |c by Guptan Nair S 
260 |a Kottayam:  |b D C Books,  |c 1998. 
300 |a 171p. 
650 |a Poetry Malayalam Study 
650 |a Literature Malayalam 
650 |a Literature 
942 |c BK 
952 |0 0  |1 0  |4 0  |6 M_100_700000000000000_GUP_A  |7 0  |9 103799  |a SSUS  |b SSUS  |c STACKS  |d 2020-10-20  |g 65.00  |o M100 7 GUP/A  |p 100693  |r 2020-10-20  |w 2020-10-20  |y BK